000 00655nam a2200193Ii 4500
003 JO-AjNU
008 230605s9999||||xx |||||||||||||| ||und||
040 _aJO-AjNU
_bara
_erda
_cJO-AjNU
041 _aara
050 1 4 _aHD37.A7.N5745.1985
100 3 _aنتو، ابراعيم عباس/هنري ه .البرز ,
_eauthor
_938573
245 0 0 _aالمفاهيم الاساسية في علم الادارة
264 3 1 _aنيويورك:دار جون وايلي وابنائه،1985
300 _a296ص
336 _atext
_btxt
_2rdacontent
337 _aunmediated
_bn
_2rdamedia
338 _avolume
_bnc
_2rdacarrier
650 4 _aالادارة
_938574
999 _aA16217
_c19785
_d19785